| 000 | 00519nam a2200157 i 4500 | ||
|---|---|---|---|
| 001 | 114676 | ||
| 003 | ES-MaACL | ||
| 005 | 20230906190226.0 | ||
| 007 | t| | ||
| 008 | 070320s1923 uy ||||1| spa d | ||
| 245 | 0 | 3 |
_aAl doctor Elías Regules con motivo de su designación para el cargo de rector de la universidad _b: homenaje de sus admiradores. |
| 260 |
_aMontevideo : _b[s.n.], _c1923 ( _fDornelache) |
||
| 300 |
_a126 p. ; _c24 cm. |
||
| 600 | 1 | 4 |
_aRegules, Elías. _995941 |
| 852 |
_aES-MaACL _j1679-F-1 _bR.4933 |
||
| 999 |
_c114676 _d114676 |
||